1554 1210 1363 1644 1829 1427 1078 1907 1505 1786 1249 1667 1420 1960 1977 1691 1325 1851 1119 1998 1139 1488 1283 1595 1529 1310 1377 1428 1672 1642 1240 1179 1233 1253 1525 1301 1674 1883 1184 1745 1859 1491 1032 1033 1308 1353 1007 1114 1563 1593 1617 1752 1684 1248 1112 1583 1047 1206 1994 1784 1915 1851 1670 1162 1331 1319 1649 1239 1705 1202 1480 1788 1859 1607 1233 1154 1528 1069 1970 1430 1987 1249 1821 1970 1977 1343 1957 1985 1125 1669 1984 1507 1828 1710 1809 1098 1891 1432 1837 BCNSPRNW ULIB Ver.6.0+V

เปลี่ยนเป็นภาษาไทย

Change to English
 แสดงรายละเอียดบรรณานุกรม
  กลับหน้าหลัก

Brief Record : Get Marc (ISO 2709) : E-mail record : QR code < ปิดหน้าต่าง
LEADER : 00000nam 2200000uu 4500
001    13399114060
003     ULIB
008    110627s||||||||th 000 0 tha d
020    9789747503173
090    นว.^bด819ร 2550
100 0  เด็กทะเล
245 00 เริ่มต้นที่ใจ...ลงท้ายที่เธอ/^cเด็กทะเล
250    พิมพ์ครั้งที่ 2
260    กรุงเทพฯ :^bแจ่มใส,^c2550
300    191 หน้า
710 1  แจ่มใส
945    ^p159^l0^i021048
995    ทศพร
999 ^a ใช้งานได้ทุกระบบ
รายการนี้ยังไม่มีแท็ก
คุณยังไม่ได้ล็อกอิน คุณสามารถมีกิจกรรมร่วมกับเว็บไซต์ได้ แต่ต้องล็อกอินก่อน ::
  ล็อกอิน

รายการสื่อสารสนเทศ

ลำดับที่ ประเภท เลขเรียก/บาร์โค้ด สถานที่ สถานะ
1. นวนิยาย
นวนิยาย
นว. ด819ร 2550 ฉ.1 
  Barcode: 021048
ห้องสมุดวิทยาเขตสวรรค์ประชารักษ์
►นวนิยาย
บนชั้น
  ขอยืม

รายการใกล้เคียง
    ผู้แต่ง [เด็กทะเล]

BibComment


ยังไม่เคยถูกคอมเมนท์

คอมเมนท์ทรัพยากรรายการนี้
  คอมเมนท์: เริ่มต้นที่ใจลงท้..


 Copyright 2026. Bcnsprnw @Library